=LDR 00000nam 2200000 4500 =001 INLIS000000000047943 =005 20201217121612 =035 ##$$a 0010-031600000000056 =008 201217################g##########0#ind## =020 ##$$a 3-980458-5-2 =040 ##$$a NBPDMAT =082 ##$$a 327.06 =090 ##$$a 327.06$bCon e =100 1#$$a Conrad, Jo =245 1#$$a Entrirrungen : Uber kosmische Gesetzmabigkeiten und warum sie uns vorenthalten werden. /$c Jo Conrad =260 ##$$a Lilienthal :$b Biognose Media,$c 2006 =300 ##$$a 240 hlm. ; $c 21x14 cm =500 ##$$a Bibliografi hlm : 239 =650 #4$$a Kekuasaan =850 ##$$a NBPDMAT =084 ##$$a 327.06 CON e =250 ##$$a cet.1 =990 ##$$a 31500750